| 000 | 01241nam a22002895a 4500 | ||
|---|---|---|---|
| 003 | OSt | ||
| 005 | 20170409144351.0 | ||
| 008 | 170304s2015 ua frb 000 0 ara d | ||
| 015 | _a2015 / 5992 | ||
| 020 | _a9789770477830 | ||
| 040 |
_aEG-ScBUE _bara _cEG-ScBUE |
||
| 043 | _af-ua--- | ||
| 082 | 0 | 4 |
_a341.738 _bع ب د _222 |
| 100 | 1 | _aعبد اللطيف، عثمان عبد الرحمن. | |
| 245 | 1 | 2 |
_aالألغام الأرضية والمسئولية الدولية بين القانون الدولي العام والشريعة الإسلامية : _bدراسة مقارنة : والألغام الأرضية في الأراضي المصرية : نموذجا / _cعثمان عبد الرحمن عبد اللطيف. |
| 250 | _aط. 1. | ||
| 260 |
_aالقاهرة : _bدار النهضة العربية، _c2015. |
||
| 300 |
_a124 ص. ؛ _c24 سم. |
||
| 504 | _aيشتمل على إرجاعات ببليوجرافية. | ||
| 650 | 7 |
_aالألغام (قانون دولي) _2BUEsh |
|
| 650 | 7 |
_aالألغام (فقه إسلامي) _2BUEsh |
|
| 650 | 7 |
_aالقانون الدولي العام. _2BUEsh |
|
| 650 | 7 |
_aالألغام _zمصر. _2BUEsh |
|
| 651 | _2BUEsh | ||
| 653 |
_bLLAAWW _cMarch2017 _cApril2017 |
||
| 942 | _2ddc | ||
| 999 |
_c24306 _d24278 |
||